000 00644nam a22002537a 4500
003 UA-OsUOA
001 23711
007 ta
008 20040128b un ||||| |||| 00| 0 ukr d
100 _aВыдрин Д.И.
090 _a32
_bВ92
942 _cBK
040 _aUA-OsUOA
_bukr
_cUA-OsUOA
_dUA-OsUOA
245 _aОчерки практической политологии
300 _a128 с.
955 _a0
041 _aukr
080 _a32
020 _a5-7707-0913-8
260 _aКиев
_bФилософская и социологическая мысль
_c1991
044 _aUA
650 7 _2UDC
999 _c309967
_d309967